000 00660 a2200193 4500
020 _a1447129806
020 _a9781447129806
082 _a515.353
090 _c1443
_d1443
100 1 _aSauvigny, Friedrich.
245 1 0 _aPartial differential equations 1 :
_bfoundations and integral representations /
_cFriedrich Sauvigny.
250 _a2nd ed. 2012.
260 _a[S.l.] :
_bSpringer,
_c2012.
300 _a462 p. ;
_c23 cm.
490 1 _aUniversitext.
700 _aSauvigny, Friedrich.
942 _aSNS
_cBK
_k515.353 SAU
999 _c30054
_d30054